Medida del bienestar social : (Record no. 83152)

MARC details
000 -LEADER
campo de control de longitud fija 00825nam a2200205 i 4500
001 - NÚMERO DE CONTROL
campo de control 83152
003 - IDENTIFICADOR DE NÚMERO DE CONTROL
campo de control ES-MaACL
005 - FECHA Y HORA DE LA ÚLTIMA TRANSACCIÓN
campo de control 20230906174803.0
007 - CAMPO FIJO DE DESCRIPCIÓN FÍSICA--INFORMACIÓN GENERAL
campo de control de longitud fija t|
008 - DATOS DE LONGITUD FIJA--INFORMACIÓN GENERAL
campo de control de longitud fija 041115s1981 sp ||||1| spa d
080 ## - NÚMERO DE LA CLASIFICACIÓN DECIMAL UNIVERSAL
Número de la Clasificación Decimal Universal 301.08
245 00 - MENCIÓN DEL TÍTULO
Título Medida del bienestar social :
Resto del título progresos realizados en la elaboración de los indicadores sociales : programa de la OCDE de elaboración de los indicadores sociales /
Mención de responsabilidad, etc. [traducción, Elena Ibarrola Muñoz].
260 ## - PUBLICACIÓN, DISTRIBUCIÓN, ETC.
Lugar de publicación, distribución, etc. Madrid :
Nombre del editor, distribuidor, etc. [Instituto Nacional de Estadística],
Fecha de publicación, distribución, etc. 1981.
300 ## - DESCRIPCIÓN FÍSICA
Extensión 318 p. ;
Dimensiones 24 cm.
650 #4 - PUNTO DE ACCESO ADICIONAL DE MATERIA--TÉRMINO DE MATERIA
Término de materia o nombre geográfico como elemento de entrada Indicadores socioeconómicos.
9 (RLIN) 168854
700 1# - ENTRADA AGREGADA--NOMBRE PERSONAL
Nombre de persona Ibarrola Muñoz, Elena.
9 (RLIN) 64976
710 2# - ENTRADA AGREGADA--NOMBRE DE ENTIDAD CORPORATIVA
Nombre de entidad corporativa o nombre de jurisdicción como elemento de entrada Organización de Cooperación y Desarrollo Económico.
9 (RLIN) 167502
710 2# - ENTRADA AGREGADA--NOMBRE DE ENTIDAD CORPORATIVA
Nombre de entidad corporativa o nombre de jurisdicción como elemento de entrada Instituto Nacional de Estadística (España)
9 (RLIN) 5162
852 4# - LOCALIZACIÓN
Ubicación ES-MaACL
Número de control de estantería L-1293
Holdings
Estatus retirado Estado de pérdida Estado de daño No para préstamo Biblioteca de origen Biblioteca actual Ubicación en estantería Fecha de adquisición Fuente de adquisición Total de préstamos Signatura topográfica completa Código de barras Visto por última vez Precio de reemplazo Tipo de ítem Koha
        Biblioteca del Ateneo de Madrid Biblioteca del Ateneo de Madrid Depósito 2 17/01/2008     L-1293 1086900 23/02/2023 23/02/2023 Libro impreso